50 Random Countries on a World Map - Statistics

General Stats
  • This quiz has been taken 102 times
  • The average score is 46 of 50
Answers on the Map
Answers color-coded by a green-red scale on the quiz's map according to % correct below.
 
Answer Stats
Country % Correct
Afghanistan
100%
Albania
100%
Argentina
100%
Australia
100%
Austria
100%
Bangladesh
100%
Belgium
100%
Brazil
100%
Bulgaria
100%
Canada
100%
Cape Verde
100%
Chad
100%
Chile
100%
China
100%
Colombia
100%
Cuba
100%
Czech Republic
100%
Denmark
100%
Dominican Republic
100%
Egypt
100%
El Salvador
100%
Equatorial Guinea
100%
Estonia
100%
Finland
100%
France
100%
Germany
100%
Greece
100%
Guatemala
100%
Guyana
100%
Iceland
100%
India
100%
Iran
100%
Iraq
100%
Ireland
100%
Italy
100%
Ivory Coast
100%
Japan
100%
Jordan
100%
Kuwait
100%
Kyrgyzstan
100%
Latvia
100%
Lesotho
100%
Libya
100%
Lithuania
100%
Madagascar
100%
Malaysia
100%
Malta
100%
Mauritania
100%
Mexico
100%
Moldova
100%
Mongolia
100%
Morocco
100%
Myanmar
100%
Namibia
100%
Netherlands
100%
New Zealand
100%
Norway
100%
Oman
100%
Pakistan
100%
Panama
100%
Peru
100%
Philippines
100%
Poland
100%
Portugal
100%
Romania
100%
Russia
100%
Saudi Arabia
100%
Slovakia
100%
Somalia
100%
South Africa
100%
South Korea
100%
South Sudan
100%
Spain
100%
Sri Lanka
100%
Sweden
100%
Switzerland
100%
Taiwan
100%
Tanzania
100%
Thailand
100%
Turkey
100%
Ukraine
100%
United Kingdom
100%
United States
100%
Uruguay
100%
Uzbekistan
100%
Venezuela
100%
Vietnam
100%
Indonesia
94%
Kosovo
94%
Serbia
94%
Bahamas
93%
Belize
93%
Croatia
93%
Ecuador
93%
Kiribati
93%
Togo
93%
Yemen
93%
Botswana
92%
DR Congo
92%
Georgia
92%
Kenya
92%
Mozambique
92%
Tunisia
92%
Angola
91%
Haiti
91%
Honduras
91%
Israel
91%
Paraguay
91%
Eritrea
90%
Kazakhstan
90%
Niger
90%
Cambodia
89%
Mali
89%
North Macedonia
89%
Slovenia
89%
Suriname
89%
Algeria
88%
Azerbaijan
88%
FS Micronesia
88%
Hungary
88%
Nepal
88%
Nicaragua
88%
Nigeria
88%
Republic of the Congo
88%
Syria
88%
Bosnia and Herzegovina
87%
Belarus
86%
Bolivia
86%
Palau
86%
Papua New Guinea
86%
Samoa
86%
Senegal
86%
Maldives
85%
Zimbabwe
85%
Benin
83%
Ethiopia
83%
Gabon
83%
Laos
83%
North Korea
83%
Sudan
83%
Turkmenistan
83%
Cameroon
82%
Costa Rica
82%
Jamaica
82%
Solomon Islands
82%
Eswatini
81%
Ghana
80%
Liberia
80%
Vanuatu
80%
Zambia
80%
Armenia
78%
Burundi
78%
Central African Republic
78%
Rwanda
78%
Tonga
78%
Uganda
78%
United Arab Emirates
78%
Fiji
75%
Marshall Islands
75%
Comoros
70%
Tuvalu
69%
Malawi
67%
Mauritius
67%
Nauru
67%
Burkina Faso
64%
Guinea
64%
Sierra Leone
63%
Guinea-Bissau
62%
Seychelles
60%
Sao Tome and Principe
50%
Tajikistan
50%
No matching quizzes found
Score Distribution
Percent of People with Each Score
Percentile by Number Answered
Your Score History
You have not taken this quiz